00344nam a22001337a 4500003000400000005001700004008004100021040000800062050001500070082001500085245004300100260005700143300001000200OSt20260615101411.0260615b |||||||| |||| 00| 0 eng d cDLC a253bW682J a253bW682J aJesus on Leadershipcby C. Gene Wilkes aWheaton, Illinois:bTyndale House Publishers,c1998. a251p.